Города по Буквам — К — Простая Версия - Statistics

General Stats
  • This quiz has been taken 209 times
  • The average score is 14 of 19
Answer Stats
Hint Answer % Correct
Столица Дании с известной статуей Русалочки Копенгаген
98%
Столица российской области-анклава, бывший Кëнигсберг Калининград
93%
Египетский мегаполис, когда-то бывший крупнейшим городом мира Каир
90%
Столица республики Татарстан с 1000-летней историей Казань
89%
Казахский город, известный благодаря поговорке "Где? Где? В... " Караганда
88%
Быстрорастущий город на юге России, главный город Кубани Краснодар
85%
Город в Крыму, соединённый с материковой Россией мостом Керчь
80%
Второй по величине город Польши Краков
79%
Самый восточный миллионник России, рядом с которым расположена крупная ГЭС Красноярск
74%
Афганская столица, в которую входили и из которой по очереди уходили британцы, советы, американцы Кабул
72%
Столица Венесуэлы, признанная самым криминальным городом в мире Каракас
68%
Имперский город Германии, "родина" одеколона со знаменитым собором Кëльн
68%
Стольный град древней Руси с известной Лаврой Киев
66%
Город в ЮАР, расположенный недалеко от мыса Доброй Надежды Кейптаун
66%
Столица Непала, расположенная в долине Гималайских гор Катманду
60%
Знаменитый лечебный курорт в Чехии, также известен как Карлсбад Карловы Вары
48%
Столица Демократической Республики Конго, ранее — Леопольдвилль Киншаса
47%
Порт-мегаполис, крупнейший город Пакистана Карачи
44%
Крупнейший город Марокко (подсказка: классический голливудский фильм с тем же названием) Касабланка
42%
No matching quizzes found
Score Distribution
Percent of People with Each Score
Percentile by Number Answered
Your Score History
You have not taken this quiz